000 00600nam a2200217Ia 4500
005 20221019110335.0
008 131103s9999 xx 000 0 und d
020 _aSBN 416121209
040 _aLoreto College
041 _aEnglish
082 _a153.93
_bVER
100 _aVernon, Philip E.
245 _aIntelligence and cultural environment
_cPhilip E. Vernon
260 _aLondon
_bMethuen
_c1969(1970printing)
300 _aviii,264p
504 _aIncludes bibliographical references and index
650 _aIntelligence Tests
651 _aPsychology
850 _aLCLIB
942 _cBK
999 _c19214
_d69693